All J-League teams - Statistics

General Stats
  • This quiz has been taken 19 times
  • The average score is 26 of 60
Answer Stats
Answer % Correct
FC Tokyo
83%
Gamba Osaka
83%
Kashima Antlers
75%
Kawasaki Frontale
75%
Nagoya Grampus
75%
Sanfrecce Hiroshima
75%
Urawa Red Diamonds
75%
Vissel Kobe
75%
Yokohama F. Marinos
75%
Cerezo Osaka
67%
Kashiwa Reysol
67%
Tokyo Verdy
67%
Vegalta Sendai
67%
Albirex Niigata
58%
Avispa Fukuoka
58%
Jubilo Iwata
58%
Sagan Tosu
58%
Shimizu S-Pulse
58%
JEF United Chiba
50%
Machida Zelvia
50%
Shonan Bellmare
50%
Yokohama FC
50%
Ehime FC
42%
Fagiano Okayama
42%
FC Gifu
42%
FC Osaka
42%
FC Ryukyu
42%
Hokkaido Consadole Sapporo
42%
Kyoto Sanga
42%
Montedio Yamagata
42%
Tochigi City
42%
V-Varen Nagasaki
42%
Blaublitz Akita
33%
Fujieda MYFC
33%
Fukushima United
33%
Mito Hollyhock
33%
Oita Trinita
33%
RB Omiya Ardija
33%
Thespa Gunma
33%
Tokushima Vortis
33%
FC Iwaki
25%
Giravanz Kitakyushu
25%
Kagoshima United FC
25%
Kamatamare Sanuki
25%
Kataller Toyama
25%
Kochi United
25%
Matsumoto Yamaga F.C.
25%
Nagano Parceiro
25%
Nara Club
25%
Reilac Shiga
25%
Roasso Kumamoto
25%
S.C. Sagamihara
25%
Tochigi SC
25%
Ventforet Kofu
25%
Zweigen Kanazawa
25%
FC Imabari
17%
Gainare Tottori
17%
Renofa Yamaguchi FC
17%
Tegevajaro Miyazaki
17%
Vanraure Hachinohe
17%
No matching quizzes found
Score Distribution
Percent of People with Each Score
Percentile by Number Answered
Your Score History
You have not taken this quiz